Statistics for Animal Alphabet Picture 30

Click here to take the quiz!

General Stats

  • This quiz has been taken 26 times
  • The average score is 14 of 26

Answer Stats

Answer% Correct
Cat
91%
Duck
91%
Eagle
91%
Alpaca
87%
Flamingo
87%
Orca
87%
Penguin
87%
Seal
83%
Kitten
78%
Tarantula
74%
Queen Bee
65%
Gazelle
61%
Roadrunner
52%
Wolverine
52%
Jackalope
48%
Yellow Jacket
48%
Buzzard
30%
Hornbill
30%
Zebu
30%
Numbat
26%
Loris
22%
Indri
17%
Mudskipper
17%
Umbrella Bird
17%
Viperfish
17%
Xylocopa
4%

Score Distribution

Percentile by Number Answered

Percent of People with Each Score

Your Score History

You have not taken this quiz